| 000 | 00926nam a22002297a 4500 | ||
|---|---|---|---|
| 005 | 20240814174149.0 | ||
| 008 | s2546 th tha d | ||
| 020 | _a9743404864 | ||
| 041 | _atha | ||
| 100 | 0 | _aอมรศักดิ์ พงศ์พศุตม์ | |
| 245 | 1 | 0 | _aประมวลรัษฎากร 2546 / อมรศักดิ์ พงศ์พศุตม์ |
| 260 | 3 |
_aกรุงเทพฯ : _bโรงพิมพ์ชวนพิมพ์, _c2546 |
|
| 300 |
_a1244 หน้า : _b ตาราง ; _c 24 ซม. |
||
| 650 | 0 | 4 | _aภาษี -- กฎหมายและระเบียบข้อบังคับ |
| 650 | 0 | 4 | _aรัษฎากร -- 2546 |
| 700 | 0 | _aอมรศักดิ์ พงศ์พศุตม์ | |
| 850 | _aNALT | ||
| 942 | _cLB | ||
| 997 | _c000000000019178 | ||
| 998 |
_aBENJALUCK _j25 _k นีลวัสน์ อินทรักษา |
||
| 999 |
_c19178 _d19178 |
||
| 090 | _aKI22 อ289ป 2546 | ||